000 00495nam a2200181Ia 4500
001 7817
005 20260306160523.0
008 260306t2007||||xx |||||||||||||| ||spa||
041 _aESP
082 _a362.2917
_bC76
100 _aComisión Nacional para el Desarrollo y Vida sin Drogas
_eAUT
245 0 _aInformación básica para la reducción de la demanda de drogas
260 _c2007
300 _a94 páginas :
_c20 cm.
650 _aGEN
654 _aCPS
942 _cLIB
_dJUS
_fJUS
_2ddc
_n
999 _c7817
_d7817